[Event "Golden Rook op"]
[Site "Chotowa"]
[Date "2003.05.13"]
[Round "8"]
[White "Jedrzejewski, Kamil"]
[Black "Lewko, Pawel"]
[Result "1-0"]
[WhiteElo "1800"]
[BlackElo "1200"]
[PlyCount "83"]
[EventDate "2003.05.??"]
[EventType "swiss"]
[EventRounds "9"]
[EventCountry "POL"]
[SourceTitle "EXT 2005"]
[Source "ChessBase"]
[SourceDate "2004.11.15"]
[SourceVersion "1"]
[SourceVersionDate "2004.11.15"]
[SourceQuality "1"]

1. e4 c5 2. Nc3 e6 3. g3 d5 4. d3 Nf6 5. Bg2 Be7 6. f4 Nc6 7. Nge2 d4 8. Nb1 0-0 9. 0-0 Qb6 10. Nd2 Na5 11. Kh1 Ng4 12. Nf3 c4 13. Nexd4 cxd3 14. Qxd3 Rd8 15. Qe2 Bc5 16. c3 Nc6 17. b4 Bxd4 18. Nxd4 Nxd4 19. cxd4 Nf6 20. e5 Nd5 21. Bd2 Bd7 22. Qf2 Bb5 23. Rfc1 Rac8 24. Rc5 Rxc5 25. dxc5 Qc6 26. a3 Qd7 27. Be3 Bc6 28. h4 Nxe3 29. Qxe3 Bxg2+ 30. Kxg2 Qd5+ 31. Qf3 Qd4 32. Rf1 Qd5 33. Qxd5 exd5 34. Kf3 Kf8 35. Ke3 Ke7 36. Kd4 Rd7 37. a4 a6 38. b5 axb5 39. axb5 Ke6 40. f5+ Ke7 41. f6+ gxf6 42. Rxf6 1-0

[Event "Golden Rook op"]
[Site "Chotowa"]
[Date "2003.05.11"]
[Round "6"]
[White "Szelc, Adam"]
[Black "Lewko, Pawel"]
[Result "1-0"]
[WhiteElo "1600"]
[BlackElo "1200"]
[PlyCount "70"]
[EventDate "2003.05.??"]
[EventType "swiss"]
[EventRounds "9"]
[EventCountry "POL"]
[SourceTitle "EXT 2005"]
[Source "ChessBase"]
[SourceDate "2004.11.15"]
[SourceVersion "1"]
[SourceVersionDate "2004.11.15"]
[SourceQuality "1"]

1. d4 Nf6 2. c4 e6 3. Nc3 Bb4 4. Qc2 d5 5. e3 c5 6. cxd5 exd5 7. Nge2 0-0 8. g3 Nc6 9. Bg2 cxd4 10. exd4 Re8 11. 0-0 b6 12. Bg5 Ba6 13. Rfd1 Bxe2 14. Nxe2 Rc8 15. Nc3 Ne7 16. Rac1 Qd6 17. Bf4 Qc6 18. Be5 Ng4 19. Bf4 Ng6 20. Qf5 Qe6 21. Qxe6 fxe6 22. Bd2 Nf6 23. Re1 Rc6 24. a3 Bxc3 25. Bxc3 Kf7 26. Re2 Rec8 27. Rce1 Re8 28. f3 a5 29. Bh3 h5 30. Kf2 h4 31. Re3 hxg3+ 32. hxg3 Nf8 33. Bf1 Rd6 34. Bb5 N8d7 35. Rc1 Ke7 1-0

[Event "Golden Rook op"]
[Site "Chotowa"]
[Date "2003.05.08"]
[Round "3"]
[White "Lewko, Pawel"]
[Black "Belzo, Lukasz"]
[Result "0-1"]
[WhiteElo "1200"]
[BlackElo "2053"]
[PlyCount "52"]
[EventDate "2003.05.??"]
[EventType "swiss"]
[EventRounds "9"]
[EventCountry "POL"]
[SourceTitle "EXT 2005"]
[Source "ChessBase"]
[SourceDate "2004.11.15"]
[SourceVersion "1"]
[SourceVersionDate "2004.11.15"]
[SourceQuality "1"]

1. e4 c5 2. Nf3 Nc6 3. d4 cxd4 4. Nxd4 g6 5. Nc3 Bg7 6. Be3 Nf6 7. Bc4 0-0 8. 0-0 d6 9. h3 Bd7 10. a3 Rc8 11. Ba2 a6 12. Re1 Ne5 13. Qe2 b5 14. Bd2 Nc4 15. Bxc4 Rxc4 16. Qd3 Qb6 17. Be3 Qb7 18. Nb3 Qc7 19. Nd2 Rc6 20. Rac1 Rc8 21. f4 Be6 22. Bd4 Bc4 23. Qe3 e5 24. fxe5 dxe5 25. Ba7 Ra8 26. b3 Be6 0-1